000 00929cam a2200277 a 4500
001 1579758
005 20180214050859.0
008 930723s1994 nyua j b 001 0 eng
010 _a 93030664
020 _a0195080637 (acidfree paper)
020 _a0195088301 (ser. : acidfree paper)
040 _aDLC
_cDLC
_dDLC
041 _aeng
042 _alcac
043 _an-us---
080 _a305.40973 sar
082 0 0 _a305.40973 sar
_220
100 1 _a16
101 _ahis
245 1 0 _aFrom ballots to breadlines :
_cSarah Jane Deutsch.
246 3 0 _aAmerican women, 1920-1940
504 _aIncludes bibliographical references (p. 138-139) and index.
906 _a7
_bcbc
_corignew
_d1
_eocip
_f19
_gy-gencatlg
942 _2ddc
_cBK
999 _c42486
_d42486